| 000 | 00550nam a2200205 a 4500 | ||
|---|---|---|---|
| 005 | 20221116063445.0 | ||
| 008 | 991125s1998 mx 000 0 spa u | ||
| 020 | _a9682984599 | ||
| 035 | _aUPN01000013350 | ||
| 049 | _aI | ||
| 050 | 4 |
_aPZ74.9 _bM8.4 |
|
| 100 | 1 |
_aMurguía, Verónica, _d1960- _931012 |
|
| 245 | 1 | 0 | _aDavid y el armadillo |
| 260 |
_aMéxico : _bCONAFE, _c1998 |
||
| 300 |
_a[31] p. : _btodas il., col |
||
| 440 | 0 | _aMira un cuento | |
| 650 | 4 |
_aCuentos infantiles _96744 |
|
| 650 | 2 |
_aLibros ilustrados _99170 |
|
| 905 | _aInfantil | ||
| 999 |
_c13350 _d13350 |
||